Rural poverty and human development: linkages and implications (Record no. 7789)
[ view plain ]
| 000 -LEADER | |
|---|---|
| fixed length control field | 00559nam a2200181Ia 4500 |
| 020 ## - INTERNATIONAL STANDARD BOOK NUMBER | |
| ISBN | 9789350249437 |
| 082 ## - DEWEY DECIMAL CLASSIFICATION NUMBER | |
| Classification number | 307.1412 VEE-R |
| 100 ## - MAIN ENTRY--AUTHOR NAME | |
| Personal name | Veena Kumari |
| 245 #0 - TITLE STATEMENT | |
| Title | Rural poverty and human development: linkages and implications |
| 260 ## - PUBLICATION, DISTRIBUTION, ETC. (IMPRINT) | |
| Place of publication | Mumbai |
| Name of publisher | Himalaya Publishing House |
| Year of publication | 2011 |
| 300 ## - PHYSICAL DESCRIPTION | |
| Number of Pages | 186 |
| 504 ## - BIBLIOGRAPHY, ETC. NOTE | |
| Bibliography, etc | includes bibliography and appendices |
| 650 ## - SUBJECT ADDED ENTRY--TOPICAL TERM | |
| Topical Term | Rural poor |
| Form subdivision | India |
| -- | Bihar |
| 650 ## - SUBJECT ADDED ENTRY--TOPICAL TERM | |
| Topical Term | Rural Development |
| Form subdivision | India |
| -- | Bihar |
| 650 ## - SUBJECT ADDED ENTRY--TOPICAL TERM | |
| Topical Term | Poverty |
| Form subdivision | India |
| -- | Bihar |
| 650 ## - SUBJECT ADDED ENTRY--TOPICAL TERM | |
| Form subdivision | Bihar (India) |
| Topical Term | Rural conditions |
| Form subdivision | India |
| -- | Bihar |
| 942 ## - ADDED ENTRY ELEMENTS (KOHA) | |
| Koha item type | Books |
| Withdrawn status | Lost status | Damaged status | Not for loan | Home library | Current library | Date acquired | Source of acquisition | Bill Date | Full call number | Accession Number | Price effective from | Koha item type |
|---|---|---|---|---|---|---|---|---|---|---|---|---|
| NASSDOC Library | NASSDOC Library | 30/12/2011 | Gifted by : Sales Unit, ICSSR | 2011-12-05 | 307.1412 VEE-R | 47485 | 18/04/2019 | Books | ||||
| NASSDOC Library | NASSDOC Library | 30/12/2011 | Gifted by : Sales Unit, ICSSR | 2011-12-05 | 307.1412 VEE-R | 47486 | 18/04/2019 | Books |
